000 00427nmm a2200145Ia 4500
008 251105s9999||||xx |||||||||||||||||und||
041 _aspa
100 _aVeiga Rodríguez, Francesc
245 0 _aLa Guerra Fría
264 _a[Madrid, España] :
_bUniversitat Oberta de Catalunya,
_c2017
300 _a162 páginas
650 _aHistory (General)
856 _uhttps://public.digitaliapublishing.com/a/47401
942 _cCF
999 _c106528
_d106528